<?xml version="1.0" encoding="UTF-8"?>
<record
    xmlns:xsi="http://www.w3.org/2001/XMLSchema-instance"
    xsi:schemaLocation="http://www.loc.gov/MARC21/slim http://www.loc.gov/standards/marcxml/schema/MARC21slim.xsd"
    xmlns="http://www.loc.gov/MARC21/slim">

  <leader>00990nam2a2200229   4500</leader>
  <controlfield tag="001">rc\2857717</controlfield>
  <controlfield tag="005">20260315070828.0</controlfield>
  <datafield tag="035" ind1=" " ind2=" ">
    <subfield code="a">(NLR Aleph) 007203648</subfield>
  </datafield>
  <datafield tag="090" ind1=" " ind2=" ">
    <subfield code="a">13628396</subfield>
    <subfield code="c">13628396</subfield>
  </datafield>
  <datafield tag="100" ind1=" " ind2=" ">
    <subfield code="a">20110729d1939    u  y0rusy50      ca</subfield>
  </datafield>
  <datafield tag="101" ind1="0" ind2=" ">
    <subfield code="a">rus</subfield>
  </datafield>
  <datafield tag="102" ind1=" " ind2=" ">
    <subfield code="a">RU</subfield>
  </datafield>
  <datafield tag="105" ind1=" " ind2=" ">
    <subfield code="a">y   z   |||||</subfield>
  </datafield>
  <datafield tag="200" ind1="1" ind2=" ">
    <subfield code="a">&#x412;&#x435;&#x440;&#x43E;&#x44F;&#x442;&#x43D;&#x43E;&#x441;&#x442;&#x438;, &#x43E;&#x442;&#x43D;&#x43E;&#x441;&#x44F;&#x449;&#x438;&#x435;&#x441;&#x44F; &#x43A; &#x438;&#x437;&#x432;&#x43B;&#x435;&#x447;&#x435;&#x43D;&#x438;&#x44E; &#x438;&#x437; &#x434;&#x432;&#x443;&#x445; &#x443;&#x440;&#x43D; &#x441; &#x43E;&#x431;&#x43C;&#x435;&#x43D;&#x43E;&#x432; &#x438;&#x437;&#x432;&#x43B;&#x435;&#x447;&#x435;&#x43D;&#x43D;&#x44B;&#x445; &#x448;&#x430;&#x440;&#x43E;&#x432;</subfield>
  </datafield>
  <datafield tag="210" ind1=" " ind2=" ">
    <subfield code="d">1939</subfield>
  </datafield>
  <datafield tag="461" ind1=" " ind2="0">
    <subfield code="1">001rc\2857704</subfield>
    <subfield code="1">2001#$a&#x422;&#x440;&#x443;&#x434;&#x44B; ...$h&#x421;&#x435;&#x440;&#x438;&#x44F; V-a$i&#x41C;&#x430;&#x442;&#x435;&#x43C;&#x430;&#x442;&#x438;&#x43A;&#x430;. &#x412;&#x44B;&#x43F;. 1-$v&#x412;&#x44B;&#x43F;. 21</subfield>
    <subfield code="9">7645844</subfield>
    <subfield code="a">&#x422;&#x430;&#x448;&#x43A;&#x435;&#x43D;&#x442;&#x441;&#x43A;&#x438;&#x439; &#x443;&#x43D;&#x438;&#x432;&#x435;&#x440;&#x441;&#x438;&#x442;&#x435;&#x442; &#x438;&#x43C;. &#x412;. &#x418;. &#x41B;&#x435;&#x43D;&#x438;&#x43D;&#x430;</subfield>
    <subfield code="c">&#x422;&#x430;&#x448;&#x43A;&#x435;&#x43D;&#x442;</subfield>
    <subfield code="d">1929</subfield>
    <subfield code="h">&#x421;&#x435;&#x440;&#x438;&#x44F; V-a</subfield>
    <subfield code="i">&#x41C;&#x430;&#x442;&#x435;&#x43C;&#x430;&#x442;&#x438;&#x43A;&#x430;. &#x412;&#x44B;&#x43F;. 1-</subfield>
    <subfield code="n">&#x418;&#x437;&#x434;-&#x432;&#x43E; &#x421;&#x440;&#x435;&#x434;&#x43D;&#x435;-&#x410;&#x437;&#x438;&#x430;&#x442;. &#x433;&#x43E;&#x441;. &#x443;&#x43D;-&#x442;&#x430;</subfield>
    <subfield code="t">&#x422;&#x440;&#x443;&#x434;&#x44B; ...</subfield>
    <subfield code="v">&#x412;&#x44B;&#x43F;. 21</subfield>
  </datafield>
  <datafield tag="700" ind1=" " ind2="1">
    <subfield code="a">&#x413;&#x43E;&#x441;&#x442;&#x438;&#x43D;&#x441;&#x43A;&#x438;&#x439;</subfield>
    <subfield code="b">&#x411;.</subfield>
  </datafield>
  <datafield tag="801" ind1=" " ind2="0">
    <subfield code="a">RU</subfield>
    <subfield code="b">NLR</subfield>
    <subfield code="g">psbo</subfield>
  </datafield>
  <datafield tag="801" ind1=" " ind2="1">
    <subfield code="a">RU</subfield>
    <subfield code="b">ELAR</subfield>
    <subfield code="2">rusmarc</subfield>
  </datafield>
  <datafield tag="852" ind1=" " ind2=" ">
    <subfield code="a">NLR</subfield>
    <subfield code="j">32-19/113</subfield>
  </datafield>
  <datafield tag="942" ind1=" " ind2=" ">
    <subfield code="c">UNSPEC</subfield>
  </datafield>
  <datafield tag="980" ind1=" " ind2=" ">
    <subfield code="a">NB</subfield>
  </datafield>
</record>
